|
|
|
|
| LEADER |
00000cam a2200000 7i4500 |
| 001 |
0000003852 |
| 005 |
20110725.0 |
| 090 |
0 |
0 |
|a R THE 580.1
|b ROS 1997
|
| 100 |
0 |
0 |
|a Rosmawati bt Mohd Salah
|
| 245 |
0 |
0 |
|a Kalender flora dan fauna sebagai bioindikator untuk pengutipan madu lebah tualang
|c Rosmawati bt Mohd Salah
|
| 260 |
0 |
0 |
|a Serdang, Selangor :
|b Universiti Putra Malaysia ,
|c 1997
|
| 300 |
|
|
|a xi, 117 p. :
|b .ill ;
|c 30 cm.
|
| 500 |
0 |
0 |
|a Bibliography : p. 96-101
|
| 500 |
0 |
0 |
|a Thesis: Bac. of Horticultur Science, Universiti Pertanian Malaysia (1997)
|
| 650 |
0 |
0 |
|a Madu lebah tualang
|
| 998 |
|
|
|a JPSM
|
| 999 |
|
|
|a 006539
|b Thesis
|c Reference
|e Default branch
|